| 000 | 00536nam a22001817a 4500 | ||
|---|---|---|---|
| 999 |
_c174537 _d174537 |
||
| 005 | 20200622142448.0 | ||
| 010 | _aENG-128217 | ||
| 020 |
_c900.00 _a9789380318172 |
||
| 035 | _aEN-111749 | ||
| 037 | _bDBAD/PUB | ||
| 082 | _a363.340954 | ||
| 100 | _aShastri,K.N | ||
| 245 |
_aDisaster Management of India/ _cby K.N. Shastri |
||
| 260 |
_aDelhi _bNeha publishers _c2017 |
||
| 270 |
_a4832/24,Prahlad Lane,S-207 Ansari Road Daryaganj _b Delhi _e1110002 |
||
| 300 |
_a328p. _c23cm(hb) |
||
| 942 |
_2ddc _cEN _h363.340954 |
||